I 10 comuni più popolosi della Liguria - Statistics

Statistiche generali
  • Questo quiz è stato fatto 96 volte
  • Il punteggio medio è 8 su 10
Statistiche sulle risposte
POPOLAZIONE COMUNE % Corretto
561.947 Genova
100%
42.375 Imperia
99%
92.715 La Spezia
99%
58.620 Savona
99%
53.039 Sanremo
90%
22.927 Ventimiglia
86%
29.420 Rapallo
65%
27.455 Chiavari
64%
23.538 Albenga
59%
21.774 Sarzana
49%
Nessun quiz corrispondente trovato
Distribuzione punteggi
Percentuale di utenti per punteggio
Percentile per numero di risposta
I tuoi punteggi nel tempo
Non hai fatto questo quiz